000 00682nam a22002177a 4500
999 _c3908
_d3908
003 AR-CdUCM
008 190307b ||||| |||| 00| 0 spa d
020 _a84-8280-143-0
040 _aMUNICIPALIDAD PROVINCIAL DEL CUSCO
_cBIBLIOTECA MUNICIPAL DEL CUSCO
082 _a808.8 /
_bH71
100 _aHomero
_912528
245 _aOdisea /
260 _aBogotá :
_bLa oveja negra,
_c1983.
300 _a302 páginas ;
_c19 cm.
440 _aHistoria universal de la literatura.
_n43
_912529
650 _aPoesías épicas griegas
_912530
650 _aTraducciones al español
_91053
700 _aSegalá y Estalella, Luis (traductor)
_912531
942 _2ddc
_cLIBROS
945 _azta